Normal view
MARC view
- Eysenck, H.J
Entry Personal Name
001 - CONTROL NUMBER
- control field: 104240
003 - CONTROL NUMBER IDENTIFIER
- control field: NUST
005 - DATE AND TIME OF LATEST TRANSACTION
- control field: 20221206125051.0
008 - FIXED-LENGTH DATA ELEMENTS
- fixed length control field: 221206|| aca||aabn | a|a d
040 ## - CATALOGING SOURCE
- Original cataloging agency: NUST
- Transcribing agency: NUST
100 ## - HEADING--PERSONAL NAME
- Personal name: Eysenck, H.J
670 ## - SOURCE DATA FOUND
- Source citation: Work cat.: (NUST)193741: Eysenck, H.J., Know your Own I.Q. /, 1962
